000 00696nam a2200289Ia 4500
005 20260324135801.0
008 008 260324s9999 xx 000 0 eng d
020 _a9780429497742
037 _aEBOOK
040 _aCRL
040 _beng
040 _cCRL
041 _2eng
041 _aeng
084 _qCRL
100 _aVincent F. Rocchio
_91201898
245 0 _aReel Racism
245 0 _bConfronting Hollywood's Construction Of Afro-american Culture
260 _bTaylor and Francis
260 _c2000
365 _a
365 _b230
856 _uhttp://www.taylorfrancis.com/books/9780429497742
942 _cEBOOK
999 _c1803333
_d1803333